La actividad ganadera de cría: las complejidades de la NUA y el proyecto N° 52 de la resolución técnica. Un caso práctico (Registro nro. 36172)

Detalles MARC
000 -LEADER
fixed length control field 00486 a2200133 4500
001 - CONTROL NUMBER
control field ART_60918
005 - DATE AND TIME OF LATEST TRANSACTION
control field 20260410162055.0
008 - FIXED-LENGTH DATA ELEMENTS--GENERAL INFORMATION
fixed length control field 260409a
100 1# - MAIN ENTRY--PERSONAL NAME
Personal name Tonelli, Omar E.
245 10 - TITLE STATEMENT
Title La actividad ganadera de cría: las complejidades de la NUA y el proyecto N° 52 de la resolución técnica. Un caso práctico
700 1# - ADDED ENTRY--PERSONAL NAME
Personal name Simaro, Jorge D.
700 1# - ADDED ENTRY--PERSONAL NAME
Personal name Martinefski, María Inés
773 0# - HOST ITEM ENTRY
Title Consultor agropecuario
Related parts - Nº 67 (jun./jul. 2024)
Record control number REV56842

No hay ítems disponibles.